书目信息 |
| 题名: |
分子模拟的理论与实践
|
|
| 作者: | 陈正隆 , 徐为人 , 汤立达 编著 | |
| 分册: | ||
| 出版信息: | 北京 化学工业出版社 2007.08 |
|
| 页数: | 350页 | |
| 开本: | 24cm | |
| 丛书名: | ||
| 单 册: | ||
| 中图分类: | O561 | |
| 科图分类: | ||
| 主题词: | 计算机模拟--ji suan ji mo ni--应用--分子生物学--研究 | |
| 电子资源: | ||
| ISBN: | 978-7-122-00439-0 | |
| 000 | 01031nam0 2200265 450 | |
| 001 | 012008872343 | |
| 005 | 20080626142511.51 | |
| 010 | @a978-7-122-00439-0@dCNY49.00 | |
| 100 | @a20080626d2007 em y0chiy0120 ea | |
| 101 | 0 | @achi |
| 102 | @aCN@b110000 | |
| 105 | @aa a 001yy | |
| 106 | @ar | |
| 200 | 1 | @a分子模拟的理论与实践@Afen zi mo ni de li lun yu shi jian@f陈正隆, 徐为人, 汤立达编著@Fchen zheng long,xu wei ren,tang li da bian zhu |
| 210 | @a北京@c化学工业出版社@d2007.08 | |
| 215 | @a350页@c图@d24cm | |
| 320 | @a有书目和索引 | |
| 330 | @a本书在写作过程中略去公式的繁琐推导,力图结合丰富的应用实例使读者尽快掌握各种模拟方法的精髓。书中具体介绍了分子力学方法、分子动力模拟、蒙地卡罗计算及布朗动力模拟等方法。图文并茂,实例生动。 | |
| 606 | 0 | @a计算机模拟@Aji suan ji mo ni@x应用@x分子生物学@x研究 |
| 690 | @aO561@v4 | |
| 701 | 0 | @a陈正隆@Achen zheng long@4编著 |
| 701 | 0 | @a徐为人@Axu wei ren@4编著 |
| 701 | 0 | @a汤立达@Atang li da@4编著 |
| 801 | 0 | @aCN@bQSSK@c20080626 |
| 905 | @b729262-64@dO561@eC653@f3 | |
| 分子模拟的理论与实践/陈正隆, 徐为人, 汤立达编著.-北京:化学工业出版社,2007.08 |
| 350页:图;24cm |
| ISBN 978-7-122-00439-0:CNY49.00 |
| 本书在写作过程中略去公式的繁琐推导,力图结合丰富的应用实例使读者尽快掌握各种模拟方法的精髓。书中具体介绍了分子力学方法、分子动力模拟、蒙地卡罗计算及布朗动力模拟等方法。图文并茂,实例生动。 |
| ● |
| 相关链接 |
|
|
|
正题名:分子模拟的理论与实践
索取号:O561/C653
 
预约/预借
| 序号 | 登录号 | 条形码 | 馆藏地/架位号 | 状态 | 备注 |
| 1 | 729262 | 207292623 | 自科库401/401自科库 59排6列1层/ [索取号:O561/C653] | 在馆 | |
| 2 | 729263 | 207292632 | 自科库401/401自科库 59排6列1层/ [索取号:O561/C653] | 在馆 | |
| 3 | 729264 | 207292641 | 自科库401/401自科库 59排6列1层/ [索取号:O561/C653] | 在馆 |